000 01060cam a22002055a 4500
001 L156347
008 120515s1503 fr f 000 0 eng d
035 _a(Sirsi) u156347
041 0 _alat
100 1 _aLefevre d'Etaples, Jacques
_dd. 1536
245 0 0 _aEpitome, compendiosaq[ue] introductio in libros arithmeticos diui Seuerini Boetij
_badiecto familiari commentario dilucidata
_c[Iacobus Faber Stapuliensis]. Praxis numerandi certis quibusdam regulis constricta / [Iudochus Clichtoueus]. Introductio in geometriam breuiusculis annotationibus explanata ... / [Carolus Bouillus]. Insuper Astronomicon / [Iacobus Faber Stapuliensis].
260 _a[Paris]
_bId opus impresserut Volphgangus Hopilius et Henricus Stephanus ea in arte focii in almo Parisiorum studio ...
_c[27 June] 1503
300 _acxii leaves
_bill.
_c29 cm. (fol.)
583 _aCondition reviewed
_c20120620
_lcondition level 2
651 4 _aInternational
690 _aMeasurement
_96256
700 1 _aBovillus, Carolus
_d1479-1567
700 1 _aClichtove, Josse
_dd. 1543
942 _n0
999 _c114197
_d114197